El anteproyecto del Código Civil español
Wedi'i Gadw mewn:
| Prif Awdur: | |
|---|---|
| Fformat: | Llyfr |
| Iaith: | Sbaeneg |
| Cyhoeddwyd: |
Madrid
Junta de Decanos de los Colegios Notariales de España
1965
|
| Cyfres: | Centenario de la ley del notariado. Fuentes y Bibliografías, 1
|
| Pynciau: | |
| Tagiau: |
Ychwanegu Tag
Dim Tagiau, Byddwch y cyntaf i dagio'r cofnod hwn!
|
MARC
| LEADER | 00000nam a2200000 a 4500 | ||
|---|---|---|---|
| 001 | UCR3924 | ||
| 003 | CL-VaPUC | ||
| 008 | 980130e19650000SP |||||||||||||||||spa|d | ||
| 082 | 0 | 4 | |a 347.016 |b PEÑ |2 21 |
| 100 | 0 | |a Peña Bernaldo de Quirós, Manuel |e author |9 403389 | |
| 245 | 1 | 3 | |a El anteproyecto del Código Civil español |
| 300 | |a 777 p | ||
| 942 | |c BK | ||
| 945 | |d 19980130 00:00:00 |a aolguin | ||
| 260 | |a Madrid |b Junta de Decanos de los Colegios Notariales de España |c 1965 | ||
| 650 | 0 | |a Código civil |9 256135 | |
| 650 | 7 | |a PROYECTOS DE LEY |2 CL-VaPUC |9 388710 | |
| 650 | 0 | |a Historia |9 255047 | |
| 650 | 0 | |a Personas |9 255751 | |
| 650 | 0 | |a Derecho civil |9 255013 | |
| 650 | 0 | |a Derecho de familia |9 255603 | |
| 650 | 0 | |a Derecho de propiedad |9 256450 | |
| 650 | 0 | |a Bienes |9 255749 | |
| 650 | 7 | |a POSECION |2 CL-VaPUC |9 399035 | |
| 650 | 0 | |a Derecho sucesorio |9 255015 | |
| 650 | 0 | |a Derecho de las obligaciones |9 328248 | |
| 650 | 0 | |a Derecho contractual |9 373875 | |
| 650 | 7 | |a CENSOS |2 CL-VaPUC |9 317246 | |
| 651 | 0 | |a España |9 254926 | |
| 583 | |a last modification |c 20161102 10:42:16 |k Rodrigo Vera | ||
| 490 | 0 | |a Centenario de la ley del notariado. Fuentes y Bibliografías, 1 | |
| 999 | |c 266941 |d 266939 | ||
| 952 | |0 0 |1 0 |4 0 |6 347_016000000000000_PEÑ_1965 |7 0 |8 P |9 298994 |a BIBDER |b BIBDER |d 2019-11-20 |i 1952129 |o 347.016 PEÑ 1965 |p 1952129 |r 2023-01-25 |w 2019-11-20 |y BK |k DER | ||